Princíp práva na sebaurčenie národov v medzinárodnom práve bakalárska práca
Enregistré dans:
| Auteur principal: | |
|---|---|
| Collectivité auteur: | |
| Autres auteurs: | |
| Format: | Livre |
| Langue: | slovaque |
| Publié: |
Bratislava
2025
|
| Tags: |
Pas de tags, Soyez le premier à ajouter un tag!
|
MARC
| LEADER | 00000nbm a2200000 4500 | ||
|---|---|---|---|
| 001 | 0309681 | ||
| 005 | 20260126091559.6 | ||
| 041 | 0 | |a slo | |
| 044 | |a SK | ||
| 245 | 1 | 0 | |a Princíp práva na sebaurčenie národov v medzinárodnom práve |b bakalárska práca |c Sára Poláková ; školiteľ: Dorota Harakaľová |
| 264 | 1 | |a Bratislava |c 2025 | |
| 300 | |a 45 s. | ||
| 100 | 1 | |a Poláková, Sára | |
| 700 | 1 | |a Harakaľová, Dorota, 1989- | |
| 710 | 2 | |a Fakulta medzinárodných vzťahov EU. Katedra medzinárodného práva | |